Top 5 Tennis Grand Slam Russian Men's Players in Open Era - Statistics

General Stats
  • This quiz has been taken 103 times
    40 since last reset
  • The average score is 4 of 5
Answer Stats
# Player Best Performance Points % Correct
3 Daniil Medvedev Win (1) 46
97%
5 Andrey Rublev Quarterfinals 27
85%
1 Marat Safin Win (3) 46
85%
2 Yevgeny Kafelnikov Win (2) 42
70%
4 Nikolay Davydenko Semifinals 28
48%
No matching quizzes found
Score Distribution
Percent of People with Each Score
Percentile by Number Answered
Your Score History
You have not taken this quiz since the last reset